=LDR 00000nam 2200000 4500 =001 INLIS000000001052967 =005 20241015010133 =035 ##$$a 0010-1024000126 =007 ta =008 241015################e##########f#ind## =020 ##$$a 976-602-72394-0-1 =082 ##$$a 899.221 3 =084 ##$$a 899.221 3 CAR f =100 #$$a Carramella =245 1#$$a Fall /$c Carramella =250 ##$$a Cet.1 =260 ##$:$b Crimson,$c 2015 =300 ##$$a 225 hlm. : $b ilus. ; $c 12 x 18 cm =650 #4$$a Fiksi Indonesia =990 ##$$a 23652365